[Event "Madrid-ch Previa B"]
[Site "Madrid"]
[Date "2023.02.24"]
[Round "8.22"]
[White "Perez Perea, Nerea"]
[Black "Fuentenebro Cediel, Alberto"]
[Result "1-0"]
[WhiteElo "1243"]
[BlackElo "1451"]
[PlyCount "83"]
[EventDate "2023.02.02"]
[EventType "swiss"]
[EventRounds "9"]
[EventCountry "ESP"]
[SourceTitle "EXT 2024"]
[Source "ChessBase"]
[SourceDate "2023.10.10"]
[SourceVersion "1"]
[SourceVersionDate "2023.10.10"]
[SourceQuality "1"]

1. e4 c5 2. Nc3 Nc6 3. g3 g6 4. Bg2 Bg7 5. d3 e6 6. Bd2 Nge7 7. Nf3 d5 8. exd5 exd5 9. 0-0 0-0 10. Bg5 h6 11. Bf4 Be6 12. Qc1 g5 13. Bd2 Qd7 14. h4 g4 15. Nh2 Kh7 16. Re1 h5 17. Ne2 f5 18. Nf4 Bf7 19. a3 Ng6 20. Nxh5 Nxh4 21. Nxg7 Nxg2 22. Kxg2 d4 23. Kg1 Bg6 24. Ne6 Rfe8 25. Nxc5 Qd5 26. b4 b6 27. Nb3 Ne5 28. Bf4 Nxd3 29. cxd3 Qxb3 30. Rd1 Rac8 31. Qd2 Rc2 32. Rdb1 Qa4 33. Qd1 Ree2 34. Rb2 Rxf2 35. Rxc2 Rxc2 36. Rc1 Rxc1 37. Qxc1 Bf7 38. Be5 Qb3 39. Qg5 Qd1+ 40. Nf1 Bg6 41. Qe7+ Kh6 42. Bf4+ 1-0

[Event "Madrid-ch Previa B"]
[Site "Madrid"]
[Date "2023.02.17"]
[Round "6.19"]
[White "Torres Rebolledo, Marcos"]
[Black "Fuentenebro Cediel, Alberto"]
[Result "1-0"]
[WhiteElo "1575"]
[BlackElo "1451"]
[PlyCount "65"]
[EventDate "2023.02.02"]
[EventType "swiss"]
[EventRounds "9"]
[EventCountry "ESP"]
[SourceTitle "EXT 2024"]
[Source "ChessBase"]
[SourceDate "2023.10.10"]
[SourceVersion "1"]
[SourceVersionDate "2023.10.10"]
[SourceQuality "1"]

1. d4 Nf6 2. c4 g6 3. Nc3 Bg7 4. e4 d6 5. Be2 0-0 6. Bg5 Nbd7 7. Qd2 Re8 8. f3 c5 9. d5 b6 10. Nh3 Ne5 11. Nf2 Ba6 12. b3 Bc8 13. Rc1 h5 14. 0-0 Nh7 15. Bh4 f6 16. f4 Nf7 17. Nd3 e6 18. dxe6 Bxe6 19. f5 Bh6 20. Qe1 Bxc1 21. fxe6 Be3+ 22. Kh1 Ne5 23. Nxe5 dxe5 24. Nd5 Bg5 25. Bxg5 fxg5 26. Qf2 Kh8 27. Qf7 Rg8 28. Ne7 Rg7 29. Nxg6+ Rxg6 30. Qxg6 h4 31. e7 Qg8 32. Bh5 Re8 33. Qxe8 1-0

[Event "Madrid-ch Previa B"]
[Site "Madrid"]
[Date "2023.02.04"]
[Round "3.25"]
[White "Fuentenebro Cediel, Alberto"]
[Black "Palomo Fernandez, Lorenzo"]
[Result "1-0"]
[WhiteElo "1451"]
[BlackElo "1387"]
[PlyCount "91"]
[EventDate "2023.02.02"]
[EventType "swiss"]
[EventRounds "9"]
[EventCountry "ESP"]
[SourceTitle "EXT 2024"]
[Source "ChessBase"]
[SourceDate "2023.10.10"]
[SourceVersion "1"]
[SourceVersionDate "2023.10.10"]
[SourceQuality "1"]

1. e4 e5 2. Nf3 Nc6 3. Bc4 Bc5 4. c3 Nf6 5. d4 exd4 6. cxd4 Bb4+ 7. Nc3 Nxe4 8. 0-0 Bxc3 9. bxc3 d5 10. Bd3 0-0 11. Qc2 Nf6 12. Bg5 h6 13. Bh4 Qd6 14. Rfe1 Ne4 15. Bxe4 dxe4 16. Qxe4 Bd7 17. d5 Rfe8 18. Qc4 Na5 19. Qd4 c5 20. Qd3 b6 21. Bg3 Qg6 22. Qxg6 fxg6 23. Rxe8+ Rxe8 24. Ne5 Bf5 25. d6 Rd8 26. Rd1 g5 27. f4 gxf4 28. Bxf4 Kf8 29. g4 Be6 30. g5 h5 31. g6 Nc4 32. Nc6 Rd7 33. Nb8 Rd8 34. d7 Bxd7 35. Rxd7 Rxd7 36. Nxd7+ Ke7 37. Ne5 Na5 38. Kf2 b5 39. Kg3 b4 40. cxb4 cxb4 41. Kh4 b3 42. axb3 Nxb3 43. Kxh5 a5 44. Nc6+ Kf6 45. Be5+ Kf5 46. Bxg7 1-0

[Event "Madrid-ch Previa B"]
[Site "Madrid"]
[Date "2023.02.02"]
[Round "1.12"]
[White "Fuentenebro Cediel, Alberto"]
[Black "Carela Ferrer, Francisco Javier"]
[Result "0-1"]
[WhiteElo "1451"]
[BlackElo "1860"]
[PlyCount "116"]
[EventDate "2023.02.02"]
[EventType "swiss"]
[EventRounds "9"]
[EventCountry "ESP"]
[SourceTitle "EXT 2024"]
[Source "ChessBase"]
[SourceDate "2023.10.10"]
[SourceVersion "1"]
[SourceVersionDate "2023.10.10"]
[SourceQuality "1"]

1. e4 d5 2. exd5 Qxd5 3. Nc3 Qd6 4. Nf3 c6 5. Bc4 Nf6 6. d4 e6 7. a4 Be7 8. 0-0 0-0 9. Bg5 h6 10. Bh4 Qb4 11. Bb3 Nd5 12. Ne4 Bxh4 13. Nxh4 Nd7 14. c3 Qe7 15. g3 N7f6 16. Bc2 Nxe4 17. Bxe4 Nf6 18. Bc2 b6 19. Qd3 Bb7 20. Rae1 c5 21. dxc5 Qxc5 22. b4 Qd5 23. Qxd5 Bxd5 24. f4 Rac8 25. Rc1 Rc7 26. f5 Rfc8 27. fxe6 Bxe6 28. Rf3 Nd5 29. Nf5 Rxc3 30. Rxc3 Rxc3 31. Nd4 Rc7 32. b5 Kf8 33. Nc6 a6 34. Be4 axb5 35. axb5 Nb4 36. Rd1 Nxc6 37. Bxc6 Ke7 38. Kf2 Ra7 39. Rd2 Ra2 40. Rxa2 Bxa2 41. Ke3 Kd6 42. Kd4 Bb1 43. Be8 f6 44. h3 Bf5 45. g4 Be6 46. Bg6 Bd7 47. Bd3 h5 48. Be2 h4 49. Bd3 Be6 50. Be4 Bb3 51. Bd3 Bd5 52. Bf1 Bh1 53. Bd3 Bg2 54. g5 Bxh3 55. gxf6 gxf6 56. Ke4 Bg2+ 57. Kf4 h3 58. Kg3 Ke5 0-1

[Event "Madrid-ch Previa-A"]
[Site "Madrid"]
[Date "2022.03.22"]
[Round "8"]
[White "Fuentenebro Cediel, Alberto"]
[Black "Diaz Garcia Heras, Jose J"]
[Result "0-1"]
[WhiteElo "1328"]
[BlackElo "1715"]
[PlyCount "24"]
[EventDate "2022.03.07"]
[EventType "swiss"]
[EventRounds "9"]
[EventCountry "ESP"]
[SourceTitle "EXT 2023"]
[Source "ChessBase"]
[SourceDate "2022.10.05"]
[SourceVersion "1"]
[SourceVersionDate "2022.10.05"]
[SourceQuality "1"]

1. e4 e5 2. Nf3 Nc6 3. Bc4 Bc5 4. c3 Nf6 5. d4 exd4 6. cxd4 Bb4+ 7. Nc3 Nxe4 8. 0-0 Bxc3 9. d5 Ne5 10. Nxe5 Bxe5 11. Qh5 Qf6 12. Re1 Qxf2+ 0-1

[Event "Madrid-ch Previa-A"]
[Site "Madrid"]
[Date "2022.03.09"]
[Round "3"]
[White "Bengoa Moreno, Oscar"]
[Black "Fuentenebro Cediel, Alberto"]
[Result "1-0"]
[WhiteElo "1629"]
[BlackElo "1328"]
[PlyCount "56"]
[EventDate "2022.03.07"]
[EventType "swiss"]
[EventRounds "9"]
[EventCountry "ESP"]
[SourceTitle "EXT 2023"]
[Source "ChessBase"]
[SourceDate "2022.10.05"]
[SourceVersion "1"]
[SourceVersionDate "2022.10.05"]
[SourceQuality "1"]

1. c4 e6 2. d3 Nf6 3. Nf3 d5 4. cxd5 exd5 5. g3 Bc5 6. d4 Bb4+ 7. Bd2 Bd6 8. Nc3 c6 9. Bg2 Bf5 10. 0-0 Qc8 11. Re1 0-0 12. Nh4 Bh3 13. e4 dxe4 14. Nxe4 Nxe4 15. Bxe4 f5 16. Bh1 Nd7 17. Bc3 Nf6 18. d5 c5 19. Bxf6 Rxf6 20. Re6 Rxe6 21. dxe6 Be7 22. Qd3 Qd8 23. Qe3 Rb8 24. b3 b6 25. Re1 Kf8 26. Nf3 Bf6 27. Ne5 Qd4 28. Qxd4 cxd4 1-0

[Event "Alcorcon Diagonal op 1st"]
[Site "Alcorcon"]
[Date "2022.02.05"]
[Round "4"]
[White "Crespo Pedrero, Lorenzo"]
[Black "Fuentenebro Cediel, Alberto"]
[Result "1-0"]
[WhiteElo "1327"]
[BlackElo "1271"]
[PlyCount "55"]
[EventDate "2022.01.15"]
[EventType "swiss"]
[EventRounds "7"]
[EventCountry "ESP"]
[SourceTitle "EXT 2023"]
[Source "ChessBase"]
[SourceDate "2022.10.05"]
[SourceVersion "1"]
[SourceVersionDate "2022.10.05"]
[SourceQuality "1"]

1. e4 e5 2. Nf3 Nc6 3. d4 exd4 4. Bc4 Nf6 5. e5 d5 6. Bb5 Nd7 7. 0-0 Bc5 8. Bxc6 bxc6 9. Nxd4 Bb7 10. f4 Qh4 11. Be3 0-0 12. Nd2 Bxd4 13. Bxd4 c5 14. Bf2 Qh6 15. Bg3 Rfe8 16. Qg4 Nxe5 17. fxe5 Qxd2 18. Qf3 Re7 19. Rf2 Qb4 20. c3 Qb6 21. Bh4 Rd7 22. Bf6 Qe6 23. Qg3 g6 24. Qh4 Qe8 25. Rf3 h5 26. Raf1 d4 27. Rf5 dxc3 28. Rxh5 1-0